| 000 | 01044cam a22002894a 4500 | ||
|---|---|---|---|
| 001 | 15467272 | ||
| 003 | ARRUPE | ||
| 005 | 20141029020007.0 | ||
| 008 | 080929s2008 ke b 001 0 eng | ||
| 010 | _a 2008345191 | ||
| 020 | _a9966083642 | ||
| 040 |
_aDLC _cDLC _dDLC |
||
| 042 | _alcode | ||
| 043 | _af------ | ||
| 050 | 0 | 0 |
_aBT30.A35 _bO76 2008b |
| 100 | 1 |
_aOrobator, A. E. _q(Agbonkhianmeghe E.) _98571 |
|
| 245 | 1 | 0 |
_aTheology brewed in an African pot : _ban introduction to Christian doctrine from an African perspective / _cAgbonkhianmeghe E. Orobator. |
| 260 |
_aNairobi : _bPaulines Publications Africa, _cc2008. |
||
| 300 |
_a152 p. ; _c21 cm. |
||
| 504 | _aIncludes bibliographical references (p. [142]) and index. | ||
| 600 | 1 | 0 |
_aAchebe, Chinua. _tThings fall apart. _98572 |
| 650 | 0 |
_aTheology _zAfrica. _98573 |
|
| 650 | 0 |
_aTheology, Doctrinal _zAfrica. _98574 |
|
| 906 |
_a7 _bcbc _corigode _d2 _encip _f20 _gy-gencatlg |
||
| 942 |
_2lcc _cMONOGRAPH _02 |
||
| 999 |
_c120022 _d120022 |
||